000 01098nam a2200337 a 4500
001 000108338
003 CHAP
005 20220329144008.0
008 140129s2012 at a |r| |||1|||eng d
010 _a104800
011 _a105772
020 _a9781466517141
040 _cCHAP
082 0 4 _a333.73137
_bL25
245 0 0 _aLand use intensification :
_beffects on agriculture, biodiversity and ecological processes /
_ceditado por David Lindenmayer, Saul Cunningham y Andrew Young.
260 _aCollingwood, Vic :
_bCSIRO Pub.,
_cc2012.
300 _aviii, 156 p. :
_bil., gráfs., tablas.
590 _aE11695DGD
_b10
_c20140130
_lUCH01
_h0803
590 _aE6096MTM
_b05
_c20140129
_lUCH01
_h1421
650 1 4 _aEcología agrícola.
_935165
650 1 4 _aEcosistema.
_935290
650 1 4 _aRecursos naturales.
_995172
650 1 4 _aSuelos
_xManejo.
_9110423
650 1 4 _aTierras
_xUtilización.
_9113219
700 0 _aYoung, Andrew
_eed.
_9123201
700 1 _aCunningham, Saul
_eed.
_9125295
700 1 _aLindenmayer, David
_eed.
_9125294
901 _aBK
942 _cLIBRO
942 _n0
999 _c104800
_d104800